Five Nights at Freddy's Characters - Statistics

General Stats
  • This quiz has been taken 175 times
    42 since last reset
  • The average score is 97 of 245
Answer Stats
Picture Answer % Correct
Balloon Boy
100%
Mr. Cupcake
90%
Bonnie
81%
Nightmare
81%
Withered Foxy
81%
Captain Foxy
76%
Chica
76%
Circus Baby
76%
Foxy
76%
Golden Freddy
76%
Nightmare Freddy
76%
Party Time Chica
76%
Puppet Foxy
76%
Springtrap
76%
Withered Bonnie
76%
Withered Chica
76%
Withered Freddy
76%
Withered Golden Freddy
76%
Ballora
71%
Crying Child
71%
Dark Springtrap
71%
Freddy Fazbear
71%
Freddy Frostbear
71%
Glamrock Chica
71%
Nightmare Bonnie
71%
Nightmare Chica
71%
Nightmare Foxy
71%
Nightmarionne
71%
Prototype Spring Bonnie
71%
Ruined Glamrock Chica
71%
Shattered Glamrock Chica
71%
The Puppet
71%
Funtime Chica
67%
Funtime Freddy
67%
Glamrock Freddy
67%
Moon
67%
Nightmare Balloon Boy
67%
Prototype Glamrock Freddy
67%
Shattered Glamrock Freddy
67%
Sleepy Moon
67%
William Afton
67%
Funtime Foxy
62%
Jugband Monty
62%
Mangle
62%
Montgomery Gator
62%
Nightmare Cupcake
62%
Nightmare Mangle
62%
Phantom Balloon Boy
62%
Phantom Chica
62%
Phantom Foxy
62%
Phantom Freddy
62%
Puppet Roxy
62%
Roxanne Wolf
62%
Ruined Montgomery Gator
62%
Ruined Roxanne Wolf
62%
Shattered Montgomery Gator
62%
Shattered Roxanne Wolf
62%
Sun
62%
Toy Bonnie
62%
Toy Chica
62%
Toy Freddy
62%
Vanessa
62%
Ennard
57%
Glamrock Bonnie
57%
Glitchtrap
57%
Gregory
57%
Monty Springlock
57%
Music Man
57%
Nightmare Fredbear
57%
Phantom Mangle
57%
Phone Guy
57%
Rockstar Freddy
57%
Scraptrap
57%
Spring Bonnie
57%
Toy Cupcake
57%
Bonnie Bowl Head
52%
DJ Music Man
52%
Fredbear
52%
Helpi
52%
Helpy
52%
Jack-O-Bonnie
52%
Jack-O-Chica
52%
Molten Freddy
52%
Phantom Puppet
52%
Prototype Fredbear
52%
Rockstar Bonnie
52%
Rockstar Chica
52%
Rockstar Foxy
52%
Shadow Freddy
52%
Bon-Bon
48%
Dee Dee
48%
Eclipse
48%
Elizabeth Afton
48%
Endo-01
48%
Funtime Cupcake
48%
Lefty
48%
Markiplier
48%
Mr. Helpful
48%
Mrs. Helpful
48%
RWQFSFASXC
48%
Scrap Baby
48%
Vanny
48%
Alien Bot
43%
Bidybab
43%
Freddles
43%
Golden Cupcake
43%
HandUnit
43%
Jack-O-Lantern
43%
King
43%
Lolbit
43%
Michael Afton
43%
Mr. Hippo
43%
Murray Pig
43%
Mystic Hippo
43%
Nightmare Endo
43%
Plushtrap
43%
Shadow Mangle
43%
Tangle
43%
Blue Scrap PlushBaby
38%
Bonnet
38%
Candy Cadet
38%
Damaged PlushBaby
38%
Dreadbear
38%
Endo-02
38%
Glamrock Endo
38%
Grimm Foxy
38%
Happy Frog
38%
Minireena
38%
NeddBear
38%
Old Man Consequences
38%
Orville Elephant
38%
PlushBaby
38%
Red Scrap PlushBaby
38%
Security Puppet
38%
Shadow Cupcake
38%
The Mimic
38%
Yellow Scrap PlushBaby
38%
Attendant Bot
33%
Cassie
33%
El Chip
33%
Electrobab
33%
F10-N4
33%
Jackie
33%
Pigpatch
33%
The Scooper
33%
Yenndo
33%
Captain Springlock Suit
29%
Charlotte Emily
29%
Dark Foxy
29%
Dark Freddy
29%
David Murray
29%
Egg Baby
29%
Glamrock Mr. Hippo
29%
Jack-O-Moon
29%
M1
29%
M2
29%
Map Bot
29%
Mini Music Man
29%
Rockstar Parrot
29%
Ruined Mini Music Man
29%
Shadow Balloon Boy
29%
The Princess
29%
Wet Floor Bot
29%
Balloon Boy Plushkin
24%
Big Top
24%
Fredbear Plush
24%
Fruit Punch Clown
24%
Giant Cupcake
24%
Head Chef Bot
24%
Lemonade Clown
24%
Magician
24%
Magician Bot
24%
Mr. Hugs
24%
Nightmarionne S.T.A.F.F. Bot
24%
Pizza Bot
24%
Ruined DJ Music Man
24%
Shadow Puppet
24%
Bucket Bob
19%
Chica Plushkin
19%
Clean-O-Vac
19%
Fiona Murray
19%
Foxy Plushkin
19%
Freddy Plushkin
19%
Jugband Hippo
19%
Mop Bot
19%
Mr. Can-Do
19%
Neon Chica
19%
Neon Cupcake
19%
Nurse Dollie
19%
White Tiger Mascot
19%
Bullies
14%
Burnt Foxy
14%
Carnie
14%
Edwin Murray
14%
Gumball Swivelhands
14%
Mask Bot
14%
Melted Dollie
14%
Murray Bee
14%
Murray Dog
14%
Murray Duck
14%
Murray Frog
14%
Murray Seal
14%
M.X.E.S.
14%
Neon Bonnie
14%
Neon Jukebox
14%
No. 1 Crate
14%
Pan Stan
14%
Party Freddy
14%
Prize King
14%
Radioactive Foxy
14%
Security Bot
14%
Serpent Mangle
14%
XOR
14%
Digi-Typer
10%
Elephant Mascot
10%
Jeremy Fitzgerald
10%
Lion Mascot
10%
Mr. Rocktapus
10%
Party Bot
10%
Star Orphan
10%
Technician
10%
Unicorn Head
10%
Bawson
5%
Birthday Cake
5%
Bub
5%
Comedy Bot
5%
Fortune Teller
5%
Hedgehog Hudgie
5%
Human Heads
5%
Instructor Bot
5%
Little Joe
5%
Mike Schmidt
5%
Nanny Bot
5%
Penguin Mascot
5%
Server Bot
5%
Sharpay
5%
Worker Bot
5%
Blue Mycellium Man
0%
Driver Assist Bot
0%
Fushia Mycellium Man
0%
Green Mycellium Man
0%
Kit
0%
Red Mycellium Man
0%
Renard
0%
Sewer Bot
0%
No matching quizzes found
Score Distribution
Percent of People with Each Score
Percentile by Number Answered
Your Score History
You have not taken this quiz since the last reset